00429nam a2200181Ia 4500008004000000041000800040082001100048100002700059245005100086260003400137300000800171650000800179650001100187650000700198650001400205650001500219650001300234210210b1931 xxu||||| |||| 00| 0 eng d aeng a548/52 aMITCHELL (AINSWORTH C) aRecent advances in analytical chemistry Vol II aLondonbJ & A Churchillc1931 a468 aVol aRecent aII achemistry aanalytical aadvances